[Event "80th GEO-ch 2021"]
[Site "Tbilisi"]
[Date "2021.04.28"]
[Round "8.3"]
[White "Lortkipanidze, Nodar"]
[Black "Kacharava, Nikolozi"]
[Result "0-1"]
[WhiteElo "2416"]
[BlackElo "2443"]
[Annotator "TA"]
[PlyCount "80"]
[EventDate "2021.04.20"]
[EventType "tourn"]
[EventCountry "GEO"]
[SourceTitle "playchess.com"]
[Source "ChessBase"]
[SourceQuality "1"]

{[%evp 9,80,-12,-8,1,9,-9,-2,-22,-13,-29,-18,-31,-12,-35,-27,-39,-29,-58,-54,-166,-162,-208,-200,-148,-72,-61,-59,-100,-50,-138,-79,-87,-74,-64,-68,-66,-60,-59,-40,-138,-138,-127,-125,-123,-107,-108,-98,-89,-77,-168,-129,-220,-204,-240,-215,-270,-279,-275,-279,-974,-947,-1352,-1348,-29983,-29984,-29984,-29980,-29980,-29981,-29981,-29982,-29985,-29986]} 1. f4 d6 2. Nf3 Nf6 3. g3 Nc6 4. Bg2 e5 5. d3 exf4 6. Bxf4 {[#] A02: Bird's Opening.} Bg4 $146 ({Predecessor:} 6... d5 7. O-O Bc5+ 8. d4 Be7 9. Nc3 Be6 10. Ng5 O-O 11. Nxe6 fxe6 12. Qd2 Bb4 {0-1 (73) Schroeter,H (2085)-Braun,G (2259) Dresden 2012}) 7. h3 Be6 8. O-O {The position is equal.} Nh5 9. Ng5 Nxf4 10. gxf4 Be7 11. Nxe6 fxe6 12. c3 Qd7 13. Qb3 O-O-O 14. a4 (14. Nd2 $15) 14... d5 $19 15. a5 a6 16. e4 Kb8 (16... g5 $142 {And now ...gxf4 would win.} 17. f5 d4) 17. Nd2 $17 Rhf8 18. d4 g6 19. Qa2 {[#]} (19. Qd1 $15) 19... Qd6 ({Black should try} 19... g5 $1 20. fxg5 Bxg5) 20. b4 Na7 21. Nb3 Nb5 22. Qd2 Qc6 23. Rac1 Nd6 24. Qe2 {Black converts the advantage convincingly.} (24. Nc5 $15) 24... Nxe4 ({Much weaker is} 24... dxe4 $6 25. Nc5 $11) 25. Bxe4 dxe4 26. Nc5 Bxc5 27. bxc5 g5 $36 {[%mdl 2048] Black is really pushing.} 28. fxg5 Rg8 29. h4 (29. Qe3 $17) 29... e5 $1 $19 30. Qe3 (30. Rce1 $17 {was necessary.}) 30... h6 31. Rf5 hxg5 32. h5 exd4 33. cxd4 {intending Qb3.} Rh8 34. Rb1 $2 (34. Re5) 34... Rxh5 35. Qb3 Rdh8 36. Rbf1 Rh1+ {Black mates.} 37. Kf2 Qd7 {[%mdl 64] [#] Double Attack} 38. Ke2 Rxf1 39. Rxf1 Qxd4 40. Rh1 Qd3+ {Weighted Error Value: White=0.83/Black=0.08} ({Not} 40... Rxh1 41. Qxb7+ Kxb7 42. c6+ Kb8 $11) 0-1

[Event "80th GEO-ch 2021"]
[Site "Tbilisi"]
[Date "2021.04.28"]
[Round "8.4"]
[White "Shanava, Konstantine"]
[Black "Arabidze, Meri"]
[Result "1/2-1/2"]
[WhiteElo "2504"]
[BlackElo "2437"]
[Annotator "TA"]
[PlyCount "106"]
[EventDate "2021.04.20"]
[EventType "tourn"]
[EventCountry "GEO"]
[SourceTitle "playchess.com"]
[Source "ChessBase"]
[SourceQuality "1"]

{[%evp 9,106,15,33,39,23,22,44,35,39,31,37,26,32,40,44,43,74,85,80,68,66,72,83,72,72,84,98,44,63,47,66,-7,116,50,91,28,28,21,169,171,187,165,224,221,228,214,225,229,247,239,235,176,152,139,170,168,166,174,387,376,371,376,387,349,360,172,179,24,254,254,514,369,671,653,645,494,437,313,279,0,0,0,0,0,0,0,0,0,0,0,0,0,0,0,0,0,0,0,0]} 1. Nf3 Nf6 2. g3 b6 3. Bg2 Bb7 4. O-O g6 5. d3 d5 6. c4 {A05: Réti Opening: 1 Nf3 Nf6.} dxc4 {[#]} 7. Qa4+ $146 ({Predecessor:} 7. dxc4 Nbd7 8. Nc3 Bg7 9. Qc2 O-O 10. Rd1 e6 11. Bf4 Qc8 12. e4 Re8 13. h3 Nc5 {1-0 (40) Quinteros,M (2545)-Barle,J (2420) Bled/ Portoroz 1979}) 7... c6 8. dxc4 {White is slightly better.} Bg7 9. Nc3 O-O 10. Bf4 Nfd7 11. Rad1 Qe8 12. Qc2 f5 13. e4 e5 14. Bc1 f4 $1 15. b4 Na6 16. a3 Nc7 17. Rd6 Ne6 18. Bh3 (18. Rfd1 $1 $16 Rf7 19. gxf4) 18... Rf6 $14 19. c5 Ndf8 20. Qd3 (20. Nxe5 Ng5 $17) (20. Bxe6+ $14 Nxe6 21. Nxe5) 20... Kh8 (20... bxc5 $11 {keeps the balance.} 21. Bxe6+ (21. Nxe5 $2 Ng5 $19 {[%mdl 64] Discovered Attack}) 21... Nxe6) 21. Nxe5 ({Better is} 21. Na4 $1 $16) 21... bxc5 22. Nf3 (22. Nc4 $16) 22... cxb4 $11 23. axb4 g5 (23... fxg3 $11 {and Black is okay.} 24. hxg3 (24. fxg3 a5 $14) 24... a5) 24. e5 $36 {[%mdl 2048] White is on the roll.} Rh6 25. Bg4 c5 (25... a5 {keeps fighting.}) 26. Nd5 Bxd5 27. Qxd5 ({But not} 27. Rxd5 $6 cxb4 28. Bd2 Qe7) 27... cxb4 28. Bb2 $1 Rc8 29. Ra1 {[%mdl 1024] White has strong compensation.} Rc5 30. Qb7 {Hoping for Bxe6.} a5 31. Qe4 b3 32. Rad1 Rc2 {[#]} 33. Ba3 Ra2 $2 (33... fxg3 34. hxg3 Rc8) 34. Bxe6 Rxe6 {[#]} 35. Rd8 $1 {Bxf8 is the strong threat.} Rxa3 36. Rxe8 Rxe8 37. Qb7 ({Worse is} 37. gxf4 b2 $11) (37. Nxg5 $142 b2 38. Nf7+ (38. Qxf4 Ra1 $17) 38... Kg8 39. Qd5 (39. gxf4 Ra1 $11) (39. Nd6 Rxe5 40. Qc4+ Re6 $19)) 37... b2 38. Rb1 $2 ({White must play} 38. Nxg5 $18 Ra1 39. Rf1 fxg3 40. hxg3) 38... fxg3 $2 (38... Rc3 $1 $11 39. Rxb2 Rc1+ 40. Kg2 g4) 39. hxg3 Ng6 $2 (39... g4 {might work better.}) 40. Nxg5 Nxe5 $2 (40... Ra1 41. Qxb2 Bxe5) 41. Kg2 h6 42. Rh1 {Intending Rxh6+! and mate.} Ng4 43. Qd7 Nf6 {[#]} 44. Qf5 ({White has to play} 44. Nf7+ $1 $18 Kg8 45. Qb7) 44... Ra1 $11 {And now ...Rxh1 would win.The position is equal.} 45. Rxh6+ {[%mdl 64] Decoy} Bxh6 46. Qxf6+ {[%mdl 64] Double Attack} Bg7 47. Qg6 {[%csl Gg5][%cal Rg6h7]} Rg1+ $1 {[%mdl 64] Decoy} 48. Kxg1 {[%csl Gg5][%cal Rg6h7]} Re1+ 49. Kg2 {[%csl Gg5][%cal Rg6h7]} b1=Q 50. Qh5+ Kg8 51. Qf7+ Kh8 {Strongly threatening ...Rg1+.} 52. Qh5+ Kg8 {( -> ...Rg1+)} 53. Qf7+ Kh8 {White really could win this.  Weighted Error Value: White=0.29/Black=0.38} 1/2-1/2

[Event "80th GEO-ch 2021"]
[Site "Tbilisi"]
[Date "2021.04.28"]
[Round "8.5"]
[White "Quparadze, Giga"]
[Black "Petriashvili, Nikoloz"]
[Result "1/2-1/2"]
[WhiteElo "2463"]
[BlackElo "2425"]
[Annotator "TA"]
[PlyCount "66"]
[EventDate "2021.04.20"]
[EventType "tourn"]
[EventCountry "GEO"]
[SourceTitle "playchess.com"]
[Source "ChessBase"]
[SourceQuality "1"]

{[%evp 24,66,37,40,60,60,65,64,74,45,38,52,66,39,31,31,31,31,31,43,36,31,37,13,33,0,0,0,0,0,0,0,0,0,0,0,0,0,0,0,0,0,0,0,0]} 1. e4 c5 2. Nf3 e6 3. d4 cxd4 4. Nxd4 Nc6 5. Nc3 Qc7 6. g3 a6 7. Bg2 Nf6 8. O-O Nxd4 9. Qxd4 Bc5 10. Bf4 d6 11. Qd3 h6 12. Rad1 e5 13. Be3 Bxe3 {B47: Sicilian: Taimanov: 5 Nc3 Qc7 6 f4, 6 g3 and 6 Be2.} 14. fxe3 Be6 {Threatening ...Bc4.} 15. Qxd6 Rc8 {[#] White is slightly better.} 16. Rd2 $146 ({Predecessor:} 16. a4 h5 17. h3 Qxd6 18. Rxd6 Nd7 19. h4 Ke7 20. Rd2 Nb6 21. Nd5+ Bxd5 22. exd5 {0-1 (55) Tari,A (2633)-Caruana,F (2828) Stavanger 2020}) 16... Qxd6 17. Rxd6 Nd7 18. Rd2 Nb6 19. Nd5 Nc4 20. Re2 b5 21. c3 h5 22. h4 a5 23. Ra1 a4 24. b3 Bxd5 {The position is equal.} 25. exd5 Nd6 26. bxa4 bxa4 27. Rb1 Ke7 28. Rb6 Rxc3 29. Ra6 $1 Rhc8 30. Rxa4 f5 31. e4 fxe4 32. Bxe4 Rxg3+ 33. Bg2 e4 {Weighted Error Value: White=0.07/Black=0.02} 1/2-1/2

[Event "80th GEO-ch 2021"]
[Site "Tbilisi"]
[Date "2021.04.29"]
[Round "9.2"]
[White "Arabidze, Meri"]
[Black "Quparadze, Giga"]
[Result "1/2-1/2"]
[WhiteElo "2437"]
[BlackElo "2463"]
[Annotator "RC"]
[PlyCount "60"]
[EventDate "2021.04.20"]
[EventType "tourn"]
[EventCountry "GEO"]
[SourceTitle "playchess.com"]
[Source "ChessBase"]
[SourceQuality "1"]
[TimeControl "5400+30"]

1. d4 {[%emt 0:00:00]} Nf6 {[%emt 0:00:00]} 2. c4 {[%emt 0:00:00]} e6 {[%emt 0:00:00]} 3. g3 {[%emt 0:00:00]} d5 {[%emt 0:00:00]} 4. Bg2 {[%emt 0:00:00]} Bb4+ {[%emt 0:00:00]} 5. Bd2 {[%emt 0:00:00]} Be7 {[%emt 0:00:00]} 6. Nf3 {[%emt 0:00:06]} O-O {[%emt 0:00:00]} 7. O-O {[%emt 0:00:07]} c6 {[%emt 0:00:01]} 8. Na3 {[%emt 0:00:10]} Ne4 {[%emt 0:00:38]} 9. Bf4 {[%emt 0:03:38]} Nd7 {[%emt 0:00:40]} 10. Rc1 {[%emt 0:01:21]} f5 {[%emt 0:00:36]} 11. Ne5 {[%emt 0:05:24]} Nxe5 {[%emt 0:00:11]} 12. Bxe5 {[%emt 0:00:41]} Bd7 {[%emt 0:00:21]} 13. Nc2 {[%emt 0:06:59]} Be8 {[%emt 0:00:32]} 14. Ne1 {[%emt 0:00:39]} Nd6 {[%emt 0:01:19]} 15. b3 {[%emt 0:02:43]} Nf7 {[%emt 0:00:26]} 16. Nd3 {[%emt 0:04:50]} Nxe5 {[%emt 0:00:14]} 17. dxe5 {[%emt 0:00:35]} a5 {[%emt 0:02:24]} 18. Qc2 {[%emt 0:01:28]} Bf7 {[%emt 0:00:35]} 19. Rfd1 {[%emt 0:07:35]} Ba3 {[%emt 0:00:09]} 20. Rb1 {[%emt 0:01:02]} Qe7 {[%emt 0:00:05]} 21. e3 {[%emt 0:09:34]} Rfd8 {[%emt 0:00:15]} 22. Bf1 {[%emt 0:02:18]} Rd7 {[%emt 0:00:28]} 23. Be2 {[%emt 0:03:51]} Rad8 {[%emt 0:00:31]} 24. Qc3 {[%emt 0:04:42]} Bb4 {[%emt 0:00:04]} 25. Qc1 {[%emt 0:00:45]} Ba3 {[%emt 0:00:05]} 26. Qc3 {[%emt 0:01:10]} Bb4 {[%emt 0:00:11]} 27. Qc1 {[%emt 0:00:58]} Ba3 {[%emt 0:00:05]} 28. Qc3 {[%emt 0:00:26]} Bb4 {[%emt 0:00:04]} 29. Qc1 {[%emt 0:00:07]} Ba3 {[%emt 0:00:04]} 30. Qc3 {[%emt 0:00:03]} Bb4 {[%emt 0:00:04]} 1/2-1/2

[Event "80th GEO-ch 2021"]
[Site "Tbilisi"]
[Date "2021.04.29"]
[Round "9.3"]
[White "Kacharava, Nikolozi"]
[Black "Shanava, Konstantine"]
[Result "1/2-1/2"]
[WhiteElo "2443"]
[BlackElo "2504"]
[Annotator "ChessBase"]
[PlyCount "88"]
[EventDate "2021.04.20"]
[EventType "tourn"]
[EventCountry "GEO"]
[SourceTitle "playchess.com"]
[Source "ChessBase"]
[SourceQuality "1"]
[TimeControl "5400+30"]

1. e4 {[%emt 0:00:00]} c5 {[%emt 0:01:02]} 2. Nf3 {[%emt 0:00:00]} e6 {[%emt 0:00:12]} 3. d4 {[%emt 0:00:19]} cxd4 {[%emt 0:00:05]} 4. Nxd4 {[%emt 0:00:10]} Nc6 {[%emt 0:00:05]} 5. Nc3 {[%emt 0:00:44]} d6 {[%emt 0:00:05]} 6. Be3 {[%emt 0:04:30]} Nf6 {[%emt 0:05:09]} 7. Qe2 {[%emt 0:07:22]} a6 {[%emt 0:02:04]} 8. O-O-O {[%emt 0:00:39]} Qc7 {[%emt 0:01:58]} 9. f3 {[%emt 0:10:54]} b5 {[%emt 0:02:59]} 10. g4 {[%emt 0:05:02]} Be7 {[%emt 0:14:52]} 11. Bg2 {[%emt 0:06:19]} Nxd4 12. Bxd4 {[%emt 0:00:55]} b4 {[%emt 0:14:28]} 13. Na4 {[%emt 0:04:53]} e5 {[%emt 0:00:37]} 14. Be3 {[%emt 0:07:55]} Be6 {[%emt 0:04:49]} 15. Nb6 {[%emt 0:04:04]} Rb8 {[%emt 0:00:38]} 16. g5 {[%emt 0:04:05]} Nd7 {[%emt 0:13:07]} 17. Nd5 {[%emt 0:00:36]} Bxd5 {[%emt 0:00:06]} 18. Rxd5 {[%emt 0:00:40]} O-O {[%emt 0:01:38]} 19. Kb1 {[%emt 0:04:10]} Nb6 {[%emt 0:02:50]} 20. Bxb6 {[%emt 0:04:25]} Qxb6 {[%emt 0:00:06]} 21. h4 {[%emt 0:00:26]} a5 {[%emt 0:00:04]} 22. Bh3 {[%emt 0:01:22]} Qa7 {[%emt 0:05:38]} 23. Qd2 {[%emt 0:02:04]} a4 {[%emt 0:00:22]} 24. h5 {[%emt 0:02:28]} a3 {[%emt 0:01:09]} 25. b3 {[%emt 0:00:38]} Kh8 {[%emt 0:03:16]} 26. Bf5 {[%emt 0:05:43]} Qc7 {[%emt 0:02:14]} 27. g6 {[%emt 0:01:25]} h6 {[%emt 0:00:10]} 28. Qd3 {[%emt 0:02:52]} Rb6 {[%emt 0:00:41]} 29. gxf7 {[%emt 0:01:44]} Rxf7 {[%emt 0:00:42]} 30. Rd1 {[%emt 0:01:13]} Rc6 {[%emt 0:02:15]} 31. Rb5 {[%emt 0:02:21]} Rc3 {[%emt 0:03:11]} 32. Qe2 {[%emt 0:00:41]} Rf8 {[%emt 0:00:29]} 33. Rbd5 {[%emt 0:06:06]} Rc5 {[%emt 0:04:58]} 34. Rxc5 {[%emt 0:00:45]} Qxc5 {[%emt 0:00:12]} 35. Qc4 {[%emt 0:01:05]} Qe3 {[%emt 0:02:55]} 36. Bg4 {[%emt 0:01:35]} Qb6 {[%emt 0:01:37]} 37. Qe6 {[%emt 0:01:19]} Bf6 {[%emt 0:00:11]} 38. Qc4 {[%emt 0:00:42]} Bg5 {[%emt 0:00:55]} 39. Bf5 {[%emt 0:00:53]} Bf6 {[%emt 0:05:23]} 40. Qd5 {[%emt 0:01:09]} Qc7 {[%emt 0:00:49]} 41. Qc4 {[%emt 0:00:31]} Qb8 {[%emt 0:01:06]} 42. Qd5 {[%emt 0:00:46]} Qc7 {[%emt 0:02:42]} 43. Qc4 {[%emt 0:00:08]} Qb8 {[%emt 0:01:06]} 44. Qd5 {[%emt 0:00:34]} Qc7 {[%emt 0:00:28]} 1/2-1/2

[Event "80th GEO-ch 2021"]
[Site "Tbilisi"]
[Date "2021.04.29"]
[Round "9.4"]
[White "Gagunashvili, Merab"]
[Black "Lortkipanidze, Nodar"]
[Result "1-0"]
[WhiteElo "2584"]
[BlackElo "2416"]
[Annotator "TA"]
[PlyCount "63"]
[EventDate "2021.04.20"]
[EventType "tourn"]
[EventCountry "GEO"]
[SourceTitle "playchess.com"]
[Source "ChessBase"]
[SourceQuality "1"]

{[%evp 14,63,8,0,14,16,24,17,15,0,0,0,2,0,0,0,0,0,0,0,0,-6,0,0,0,0,0,0,0,-4,11,9,39,30,30,35,53,69,135,161,329,304,717,617,1100,974,1018,1018,973,989,950,951]} 1. d4 e6 2. Nf3 d5 3. c4 Nf6 4. Nc3 c5 5. cxd5 cxd4 6. Qa4+ Bd7 7. Qxd4 exd5 8. Bg5 {8.Nxd5 is not played anymore.} Be7 {D41: Queen's Gambit Declined: Semi-Tarrasch with 5 cxd5.} (8... Nc6 {looks sharper.} 9. Qd2 Bb4 10. a3 Ne4 11. Bxd8 Nxd2 12. Kxd2 Bxc3+ 13. Kxc3 Rxd8 14. e3 Rc8) 9. e3 Nc6 10. Qd2 Be6 {The position is equal.} 11. Nd4 $5 {[%mdl 4] Exploring less charted territory.} O-O 12. Be2 {[#]} Rc8 $146 ({Predecessor:} 12... h6 13. Bh4 Rc8 14. Nxe6 fxe6 15. O-O Ne4 16. Nxe4 Bxh4 17. Nc3 Qe7 18. Rad1 Bf6 19. Bd3 Ne5 20. Nb5 a6 21. Nd4 Nxd3 22. Qxd3 Bxd4 23. exd4 Qf6 24. Rd2 {½-½ (24) Nguyen,H (2449)-Farago,I (2410) Hungary 2016}) 13. Nxc6 bxc6 {[%cal Bb7c6,Bc6c5,Bc5d4][%mdl 32]} 14. O-O h6 15. Bf4 c5 16. Rfd1 Qb6 17. Rac1 d4 18. exd4 cxd4 19. Na4 Qb7 20. b3 Rxc1 21. Rxc1 Ba3 22. Rc7 Qd5 23. Rxa7 g5 24. Bc7 Ne4 25. Qc2 {[#] And now Nb6 would win.} Bc5 ({Black should play} 25... Rc8 $14) 26. Ra5 Rc8 $2 (26... Qb7) 27. Nxc5 $18 Nc3 {[#]} (27... Rxc7 28. Qxe4 Rxc5 29. Qxd5 Rxd5 30. Rxd5 Bxd5) 28. Bf3 $1 {White is clearly winning.} Bf5 (28... Qf5 29. Qxf5) 29. Qd2 Be4 30. Nxe4 Nxe4 31. Rxd5 Nxd2 32. Rd8+ {Weighted Error Value: White=0.07/Black=0.22} 1-0

[Event "80th GEO-ch 2021"]
[Site "Tbilisi"]
[Date "2021.04.29"]
[Round "9.5"]
[White "Paichadze, Luka"]
[Black "Pantsulaia, Levan"]
[Result "1-0"]
[WhiteElo "2565"]
[BlackElo "2553"]
[Annotator "TA"]
[PlyCount "57"]
[EventDate "2021.04.20"]
[EventType "tourn"]
[EventCountry "GEO"]
[SourceTitle "playchess.com"]
[Source "ChessBase"]
[SourceQuality "1"]

{[%evp 9,57,12,9,-1,0,0,14,0,2,2,34,31,18,12,28,21,27,21,167,182,183,195,190,157,159,169,365,344,562,550,558,526,568,564,548,557,549,547,523,548,541,531,575,571,29976,29977,5357,683,5377,5363]} 1. e4 c6 2. d4 d5 3. f3 Qb6 4. Nc3 dxe4 5. fxe4 e5 $1 {[%cal Re5d4]} 6. Nf3 {B12: Caro-Kann: Advance Variation.} exd4 7. Nxd4 $1 {7.Nxd4 scores better than 7.Qxd4.} Bc5 {[#]} 8. Na4 $1 {The position is equal.} Qa5+ 9. c3 Be7 10. b4 Qc7 {[#]} 11. Bc4 $5 $146 {[%mdl 8] New and interesting.} ({Predecessor:} 11. Qf3 Nf6 12. Bf4 Bd6 13. Bxd6 Qxd6 14. Nf5 Bxf5 15. exf5 O-O 16. Be2 Nbd7 17. O-O {½-½ (44) Shanava,K (2563)-Pantsulaia,L (2567) Tbilisi 2013}) 11... Nf6 12. O-O Bd6 {[#] ...b5 is the strong threat.} 13. Bh6 $1 $36 {[%mdl 2048] White is pushing.} O-O {[#] A mistake that costs the game.} (13... Bxh2+ $11 14. Kh1 Rg8) (13... Bg4 14. Qd2) 14. Rxf6 $1 $18 {[%mdl 512]} Bxh2+ 15. Kh1 {Strongly threatening Qh5.} Be5 {[#]} 16. Rxf7 {[%mdl 512]} Rxf7 {[#]} 17. Nf3 $1 Bf6 {[#]} (17... Qe7) 18. e5 $1 {[%cal Re5f6]} gxh6 $2 (18... Nd7) 19. exf6 b5 20. Bxf7+ Qxf7 21. Qd8+ {[%mdl 64] Double Attack} Qf8 22. f7+ $1 {[%mdl 64] Decoy} Kxf7 23. Qc7+ Kg8 24. Nc5 Na6 25. Nxa6 Bxa6 26. Qxc6 Qc8 27. Qd5+ Kh8 28. Re1 (28. Qe5+ $142 Kg8 29. Nd4) 28... Qb7 29. Qd6 {Weighted Error Value: White=0.37/Black=0.80} 1-0